US States:most/least fast food restaurants per capita - Statistics

General Stats
  • This quiz has been taken 65 times
  • The average score is 13 of 20
Answer Stats
State ranking Restuarants Per 10k Answer % Correct
48 2.1 New York
86%
7 4.9 Georgia
80%
1 (MOST) 6.3 Alabama
78%
10 4.8 Kentucky
76%
44 2.6 Alaska
73%
42 3.1 Maine
69%
9 4.9 South Carolina
69%
5 5.2 Tennessee
67%
47 2.1 Mississippi
65%
41 3.1 Washington
65%
49 2 New Jersey
63%
43 3.1 Massachusetts
57%
4 5.3 Oklahoma
55%
45 2.5 Rhode Island
55%
50 (LEAST) 1.9 Vermont
53%
46 2.4 Connecticut
51%
8 4.9 Missouri
51%
6 5 Indiana
49%
2 5.4 Nebraska
45%
3 5.3 West Virginia
45%
No matching quizzes found
Score Distribution
Percent of People with Each Score
Percentile by Number Answered
Your Score History
You have not taken this quiz